000 00539nam a22002177a 4500
003 UA-OsUOA
001 41227
007 ta
008 20080721b un ||||| |||| 00| 0 ukr d
100 _aMelnyk Z.E.
090 _a330(377)
942 _cBR
040 _aUA-OsUOA
_beng
_cUA-OsUOA
_dUA-OsUOA
245 _aCapital Formation in the Ukraine and Her Financial Relations with the USSR
300 _a47 с.
955 _a4
041 _aeng
080 _a330(377)
650 7 _a330 Економіка взагалі
_2UDC
999 _c439729
_d439729